000
00248nam a2200097Ia 4500
008
170619s9999 xx 000 0 und d
100
_a
Rogers David F
245
0
_a
Mathematical elements for computer graphics
260
_b
New delhi; T M H
260
_c
2004
546
_a
ENGLISH
999
_c
17501
_d
17501